000 02022nam a2200205Ia 4500
003 OSt
005 20250714112556.0
008 210210b1995 xxu||||| |||| 00| 0 eng d
040 _cAL
041 _aKannada
082 _aK894.4 ANAV
100 _aANANTARAMAYYA (R L).
_d ಆರ್.ಎಲ್. ಅನಂತರಾಮಯ್ಯ
_9218572
245 _aVaddaradhana kathaloka.
_bವಡ್ಡಾರಾಧನೆ ಕಥಾಲೋಕ
260 _aDharavada
_bSamaja Pustakalaya
_c1995
300 _aviii,194
520 _aಕನ್ನಡ ಸಾಹಿತ್ಯದ ಮೊಟ್ಟಮೊದಲ ಗದ್ಯಕೃತಿ ಮತ್ತು ಕನ್ನಡದ ಸಣ್ಣ ಕಥೆಗಳಿಗೆ ಆರಂಭ ಎಂಧೇ ಖ್ಯಾತಿಯ ವಡ್ಡಾರಾಧನೆಯು ಕಥೆಗಳನ್ನು ಒಳಗೊಂಡಿದೆ. ಹೊಸಗನ್ನಡ, ಗದ್ಯ ರೂಪಾಂತರ, ವ್ಯಾಸಂಗ ಟಿಪ್ಪಣಿಗಳು ಹಾಗೂ ಪಾರಿಭಾಷಿಕ ಪದಕೋಶವನ್ನು ಒಳಗೊಂಡಿದೆ. ಎಲ್ಲ ಧರ್ಮದ ಸಾರವೂ ಆಗಿದೆ. ಮಾನವನ ಪಾಪ-ಪುಣ್ಯ-ಕರ್ಮ ಮಾತ್ರವಲ್ಲ, ಜೀವನದ ರಹಸ್ಯಗಳು, ನಿಯಂತ್ರಣವಿಲ್ಲದ ಪ್ರಭಾವಗಳು ಒಟ್ಟಿನಲ್ಲಿ ಮನುಷ್ಯ ಹೇಗೆ ಬದುಕಬೇಕು, ಸಾರ್ಥಕತೆ ಕಂಡುಕೊಳ್ಳಬೇಕು ಎಂಬುದರ ಸಂಶಯಗಳನ್ನು ನಿವಾರಿಸುತ್ತವೆ. ಹತ್ತನೇ ಶತಮಾನದಲ್ಲಿಯ ಈ ಕೃತಿಯು ಇಂದಿಗೂ ತನ್ನ ಸಾಹಿತ್ಯಕ ಮೌಲ್ಯವನ್ನು ಕಳೆದುಕೊಂಡಿಲ್ಲ. ಇಲ್ಲಿಯ ಕಥೆಗಳ ಸಂದೇಶವು ಹಳತಾಗಿಲ್ಲ. ಎಲ್ಲ ಕಾಲಕ್ಕೂ ಅನ್ವಯವಾಗುವ ತತ್ವಗಳು ಇಲ್ಲಿವೆ.
690 _aKannada Prose
_9218573
906 _a051101
942 _2ddc
_cBK
999 _c99539
_d99539